LEADER 00882nam0-22003131i-450- 001 990000113140403321 035 $a000011314 035 $aFED01000011314 035 $a(Aleph)000011314FED01 035 $a000011314 100 $a20011111d--------km-y0itay50------ba 101 0 $aita 105 $ay-------001yy 200 1 $a<>garten-architektur$fvon André Lambert , Eduard Stahl. 210 $aStuttgart$cA. Bergstrasser$d1898 215 $a115 p., 6 tav.$cill.$d27 cm 300 $aEstr. da: Handbuch der architektur. 610 0 $aGiardini$aProgetti 676 $a712.6 700 1$aLambert,$bAndré$0333258 702 1$aStahl,$bEduard 801 0$aIT$bUNINA$gRICA$2UNIMARC 901 $aBK 912 $a990000113140403321 952 $a13 AR 22 D 48$b22024$fFINBC 959 $aFINBC 996 $aGarten-architektur$9115419 997 $aUNINA DB $aING01 LEADER 01260nam a2200277 i 4500 001 991002038809707536 008 130429s2007 it 000 0 ita d 020 $a9788895161020 035 $ab14111081-39ule_inst 040 $aDip.to Studi Umanistici - Sez. Filologia Linguistica e Letteratura$bita 082 0 $a390 100 1 $aBosio, Gianni $0127537 245 10$a1968 una ricerca in Salento :$bsuoni, grida, canti, rumori, storie, immagini /$cGianni Bosio, Clara Longhini ; a cura di Luigi Chiriatti, Ivan Della Mea, Clara Longhini 246 30$a Millenovecentosessantotto una ricerca in Salento 260 $aCalimera :$bKurumuny ;$aMilano :$bIstituto Ernesto De Martino,$cc2007 300 $a347 p. :$bill. ;$c23x24 cm + 3 CD-Rom 650 4$aMusica popolare$zSalento 700 1 $aChiriatti, Luigi 700 1 $aDella Mea, Ivan 700 1 $aLonghini, Clara$eauthor$4http://id.loc.gov/vocabulary/relators/aut$0732386 907 $a.b14111081$b03-03-14$c29-04-13 912 $a991002038809707536 945 $aLE008 390 BOS 01.01 $g1$i2008000538200$lle008$op$pE25.00$q-$rl$s- $t0$u1$v0$w1$x0$y.i15504323$z29-04-13 996 $a1968 una ricerca in Salento$91442931 997 $aUNISALENTO 998 $ale008$b29-04-13$cm$da $e-$fita$git $h0$i0